Мы были первым выпуском: фрагменты из воспоминаний; Томский политехник; Вып. 2
| Parent link: | Томский политехник: ежегодный журнал/ Томский политехнический университет (ТПУ), Ассоциация выпускников.— , 1995- Вып. 2.— 1996.— [С. 23-24] |
|---|---|
| 1. autor: | |
| Kolejni autorzy: | |
| Streszczenie: | Заглавие с титульного листа Электронная версия печатной публикации |
| Język: | rosyjski |
| Wydane: |
1996
|
| Seria: | Годы, события, люди |
| Hasła przedmiotowe: | |
| Dostęp online: | Цветная версия без потери качества |
| Format: | Elektroniczne Rozdział |
| KOHA link: | https://koha.lib.tpu.ru/cgi-bin/koha/opac-detail.pl?biblionumber=188075 |
MARC
| LEADER | 00000nla2a2200000 4500 | ||
|---|---|---|---|
| 001 | 188075 | ||
| 005 | 20231031174656.0 | ||
| 035 | |a (RuTPU)RU\TPU\book\204193 | ||
| 035 | |a RU\TPU\book\204192 | ||
| 090 | |a 188075 | ||
| 100 | |a 20101201d1996 km y0rusy50 ca | ||
| 101 | 0 | |a rus | |
| 102 | |a RU | ||
| 135 | |a drnn ---uucaa | ||
| 181 | 0 | |a i | |
| 182 | 0 | |a b | |
| 200 | 1 | |a Мы были первым выпуском |e фрагменты из воспоминаний |b Электронный ресурс |f В. А. Ванюков, П. М. Силин | |
| 203 | |a Текст |c электронный | ||
| 215 | |a 1 файл (11.9 Мб) | ||
| 225 | 1 | |a Годы, события, люди | |
| 230 | |a Электронные текстовые данные (1 файл : 11.9 Мб) | ||
| 300 | |a Заглавие с титульного листа | ||
| 300 | |a Электронная версия печатной публикации | ||
| 337 | |a Adobe Reader | ||
| 461 | 1 | |0 (RuTPU)RU\TPU\book\202435 |t Томский политехник |o ежегодный журнал |f Томский политехнический университет (ТПУ), Ассоциация выпускников |d 1995- | |
| 463 | 1 | |0 (RuTPU)RU\TPU\book\204047 |t Вып. 2 |v [С. 23-24] |d 1996 |p 57 с. | |
| 600 | 1 | |a Силин |b П. М. |f 1887-1967 |g Павел Михайлович |c российский ученый в области сахарного производства |c выпускник Томского технологического института |2 stltpush |3 (RuTPU)RU\TPU\pers\7982 | |
| 601 | 0 | 2 | |a Томский технологический институт (ТТИ) |c (1896-1923) |2 stltpush |3 (RuTPU)RU\TPU\col\9244 |
| 610 | 1 | |a выпускники ТПУ | |
| 610 | 1 | |a воспоминания | |
| 610 | 1 | |a электронный ресурс | |
| 700 | 1 | |a Ванюков |b В. А. |c российский химик и металлург |c выпускник Химического отделения Томского технологического института 1906 |f 1880-1957 |g Владимир Андреевич |2 stltpush |3 (RuTPU)RU\TPU\pers\19076 | |
| 701 | 1 | |a Силин |b П. М. |c специалист в области сахарного производства, Герой Социалистического Труда |c выпускник Томского технологического института, профессор Томского государственного университета, заведующий кафедрой технологии сахаристых веществ Московского технологического института пищевой промышленности |f 1887-1967 |g Павел Михайлович |2 stltpush |3 (RuTPU)RU\TPU\pers\7982 | |
| 801 | 1 | |a RU |b 63413507 |c 20101101 | |
| 801 | 2 | |a RU |b 63413507 |c 20161206 |g RCR | |
| 856 | 4 | |u http://www.lib.tpu.ru/fulltext/v/Tomsk_polytechnic/1996/N2a16_full.pdf |z Цветная версия без потери качества | |
| 942 | |c CF | ||